000
00214 a2200109 4500
001
51121
040
_c
Anchieta - Pituba
240
1
0
_a
Eu, O Robô
_l
245
1
0
_a
Eu, O Robô
650
4
_a
Generalidades
942
_c
MX
999
_c
51121
_d
51121